| 000 | 00376nam a2200169Ia 4500 | ||
|---|---|---|---|
| 008 | 210210b1933 xxu||||| |||| 00| 0 eng d | ||
| 041 | _aeng | ||
| 082 | _a829/144 | ||
| 100 | _aCOLE (G D H M) | ||
| 245 | _aGreat southern mystery | ||
| 260 |
_a- _b- _c1933 |
||
| 650 | _asouthern | ||
| 650 | _amystery | ||
| 650 | _aGreat | ||
| 690 | _aEnglish Fiction | ||
| 906 | _a016750 | ||
| 999 |
_c136429 _d136429 |
||